| 000 | 00417nam a22001577a 4500 | ||
|---|---|---|---|
| 003 | DO-SdBNP | ||
| 005 | 20171212112555.0 | ||
| 008 | 160309b 1960 |||| |||| 00| 0 spa d | ||
| 040 |
_aBPMSU _bspa _cBPMSU |
||
| 245 |
_aAgua viva : _bel evangelio segun San Juan |
||
| 260 |
_aSan Salvador _bReina Valera _c1996 |
||
| 300 | _a67 p. | ||
| 942 |
_2ddc _cBK |
||
| 945 | _ainventariado extranjero / DG | ||
| 956 | _adaysi garcia | ||
| 999 |
_c9159 _d9159 |
||